000 01662cam a22004214i 4500
003 PE-LiUPU
005 20250731175647.0
008 150616s1988 xxu r 000 0 eng d
020 _a0893571849
035 _a(Sirsi) i9780893571849
040 _aPE-LiUPU
_bspa
_cPE-LiUPU
_erda
049 _aPRUA
082 0 4 _a492.2
_bH37
_221
100 1 _aHeld, Warren H.,
_d1928-1986,
_eautor.
245 1 0 _aBeginning Hittite /
_cWarren H. Held, Jr., William R. Schmalstieg, Janet E. Gertz.
264 1 _aColumbus, Ohio :
_bSlavica Publishers Inc.,
_c1988.
300 _a218 páginas ;
_c23 centímetros
336 _atext
_2rdacontent
337 _aunmediated
_2rdamedia
338 _avolume
_2rdacarrier
505 0 _aIntroduction -- The nominal system -- The pronominal system -- The verbal system -- Use of cases -- Participles and conjunctions -- Brief syntactic comments -- Sumerian expressions -- Reading selections -- Glossaries.
526 _aP145
526 _aP127
526 _aP97
526 _aP35
526 _aP14
526 _aP07
650 0 4 _aLengua Hittita
_xGramática.
700 1 _aGertz, Janet E.,
_eautor.
700 1 _aSchmalstieg, William R.,
_eautor.
910 _ajck
_bjvq
_cjck
942 _2ddc
_cBOOK
949 _a492.2 H37
_wDEWEY
_c1
_i43396
_lCCODEBUL1
_mBUL
_r0
_sY
_tBOOK
_u2015-6-16
_xTEOLOGIA
_zUNKNOWN
_0COMPRA
_o.STAFF. Colección Teología
994 _aC0
_bPEPRU
596 _a1
999 _a492.2 H37
_wDEWEY
_c61366
_i43396
_f2021-11-12
_g5
_lCCODEBUL1
_mBUL
_p20.00
_r1
_sY
_tBOOK
_u2015-6-16
_xTEOLOGIA
_PP35
_0COMPRA
_o.STAFF. Colección Teología
_d61366
980 _81
_gALBERTO SANCHEZ Responsable de Automatización